[Event "IECG RA.2001.0.00001"]
[Site "IECG email"]
[Date "2001.05.06"]
[Round "?"]
[White "Draba, Henryk"]
[Black "Sjoberg, Roger"]
[Result "1/2-1/2"]
[WhiteElo "2111"]
[BlackElo "2063"]
[PlyCount "71"]
[EventDate "2001.05.06"]
[EventType "tourn (corr)"]
[EventRounds "6"]
[SourceTitle "Corr 2008"]
[Source "ChessBase"]
[SourceDate "2008.06.24"]
[SourceVersion "1"]
[SourceVersionDate "2008.06.24"]
[SourceQuality "1"]

1. c4 f5 2. d4 Nf6 3. Nc3 d6 4. Nf3 g6 5. g3 Bg7 6. Bg2 0-0 7. 0-0 Qe8 8. d5 Na6 9. Nd4 Bd7 10. Bf4 c6 11. Qd2 Nc7 12. Rfe1 c5 13. Nb3 b5 14. Nxc5 bxc4 15. e4 Nh5 16. Nxd7 Qxd7 17. Bg5 f4 18. Qe2 h6 19. Bxf4 Nxf4 20. gxf4 Rxf4 21. Qxc4 Be5 22. Qc6 Qg4 23. Ne2 Rf7 24. f4 Rxf4 25. Qxc7 Qh4 26. Ng3 Bd4+ 27. Kh1 Rg4 28. Qb7 Rf8 29. Rf1 Rxg3 30. Rxf8+ Kxf8 31. Rf1+ Kg7 32. Qc8 Bf6 33. e5 dxe5 34. Rxf6 exf6 35. Qb7+ Kh8 36. Qb8+ 1/2-1/2

[Event "IECG RA.2001.0.00001"]
[Site "IECG email"]
[Date "2001.05.06"]
[Round "?"]
[White "Van Seben, Edgar"]
[Black "Sjoberg, Roger"]
[Result "1/2-1/2"]
[WhiteElo "2003"]
[BlackElo "2063"]
[PlyCount "79"]
[EventDate "2001.05.06"]
[EventType "tourn (corr)"]
[EventRounds "6"]
[SourceTitle "Corr 2008"]
[Source "ChessBase"]
[SourceDate "2008.06.24"]
[SourceVersion "1"]
[SourceVersionDate "2008.06.24"]
[SourceQuality "1"]

1. d4 f5 2. e4 fxe4 3. Nc3 Nf6 4. Bg5 Nc6 5. d5 Ne5 6. Qd4 Nf7 7. h4 c6 8. 0-0-0 Qb6 9. Bxf6 gxf6 10. Nxe4 f5 11. Ng3 Qxd4 12. Rxd4 d6 13. f4 Bg7 14. Rd1 Rg8 15. Nh5 Bh8 16. Rh3 cxd5 17. Rxd5 e5 18. Ne2 Bd7 19. Nc3 a6 20. Rd2 Rc8 21. Nd5 Rg6 22. Rb3 Bc6 23. Ng3 Nh6 24. Be2 Kf8 25. Bh5 Re6 26. fxe5 Rxe5 27. Ne3 Ke7 28. Ne2 b5 29. g3 Be4 30. Ra3 Rc6 31. Nf4 Kd7 32. Nfd5 Bxd5 33. Rxd5 b4 34. Rb3 Rc5 35. Bf3 a5 36. a3 bxa3 37. bxa3 Rexd5 38. Nxd5 Kc8 39. Kd2 Be5 40. Bg2 1/2-1/2